Prínos cestovného ruchu k rozvoju národného hospodárstva na Slovensku a možnosti jeho ďalšieho rozvoja

Poukázanie na význam cestovného ruchu v štruktúre ekonomiky Slovenska. Návrh možností jeho ďalšieho rozvoja podmienené uplatňovaním vhodného modelu konkurenčnej stratégie. Charakteristika slovenskej ekonomiky ako východisko skúmania. Postavenie cestovného ruchu v národnom hospodárstve vybraných štát...

Full description

Saved in:
Bibliographic Details
Main Author: Malachovský, Andrej
Format: Book Chapter
Language:Slovak
Subjects:
Tags: Add Tag
No Tags, Be the first to tag this record!

MARC

LEADER 00000naa$a2200000$$$4500
001 0004834
005 20231004075721.5
041 0 |a slo 
044 |a CZ 
245 1 0 |a Prínos cestovného ruchu k rozvoju národného hospodárstva na Slovensku a možnosti jeho ďalšieho rozvoja  |c aut. Andrej Malachovský 
520 |a Poukázanie na význam cestovného ruchu v štruktúre ekonomiky Slovenska. Návrh možností jeho ďalšieho rozvoja podmienené uplatňovaním vhodného modelu konkurenčnej stratégie. Charakteristika slovenskej ekonomiky ako východisko skúmania. Postavenie cestovného ruchu v národnom hospodárstve vybraných štátov a na Slovensku. Cestovný ruch vo vybraných európskych štátoch. Cestovný ruch na Slovensku. Stratégia a politika cestovného ruchu. Základy politiky CR na Slovensku. Model konkurenčnej výhody podľa M. Portera. 
610 2 0 |a politika ruchu cestovného 
610 2 0 |a odvetvia činnosti ekonomickej 
610 2 0 |a ruch cestovný 
610 2 0 |a krajiny vyspelé 
610 2 0 |a hospodárstvo národné 
610 2 0 |a Slovensko 
610 2 0 |a Európa 
610 2 0 |a trh medzinárodný 
100 1 |a Malachovský, Andrej